Представление документа в формате MARC21

Поле Инд. ПП Название Значение
Тип записи a
Библиографический уровень b
001 Контрольный номер RU/IS/BASE/138121118
005 Дата корректировки 20200526074543.7
084 a Индекс другой классификации/Индекс ББК 60.561.3
a Индекс другой классификации/Индекс ББК 66.3(2Рос),1; 66.02
100 1_ a Автор Соловьев А. И.
q Полное имя Соловьев Александр Иванович
245 a Заглавие Институциональный дизайн российской власти: исторический ремейк или матрица развития?
504 a Библиография Библиогр.: с. 76
650 a Основная рубрика внутренняя политика
a Основная рубрика политика
a Основная рубрика политическая социология
a Основная рубрика политология
a Основная рубрика социология
653 a Ключевые слова властные отношения
a Ключевые слова власть
a Ключевые слова законодательная власть
a Ключевые слова исполнительная власть
a Ключевые слова парламент
a Ключевые слова политические системы
a Ключевые слова постсоветское общество
a Ключевые слова президентство
a Ключевые слова разделение властей
a Ключевые слова Россия
773 t Заглавие источника Общественные науки и современность
d Дата издания источника 2004
g Прочая информация № 1. - С. 64 - 76
w Контрольный № источника RU/IS/BASE/129046545
901 t Тип документа b